Countries That Eat the Most Pasta - Statistics

General Stats
  • This quiz has been taken 155 times
  • The average score is 5 of 11
Answer Stats
Rank Country % Correct
1 Italy
98%
7 United States of America
96%
11 Germany
73%
4 Greece
65%
5 Switzerland
62%
6 Sweden
49%
9 Chile
26%
10 Peru
23%
8 Iran
21%
3 Tunisia
18%
2 Venezuela
16%
No matching quizzes found
Score Distribution
Percent of People with Each Score
Percentile by Number Answered
Your Score History
You have not taken this quiz